| 000 | 00894nam a22002177a 4500 | ||
|---|---|---|---|
| 999 |
_c13107 _d13107 |
||
| 003 | AR-CdUCM | ||
| 008 | 190411b ||||| |||| 00| 0 spa d | ||
| 020 | _a978-607-618-266-6 | ||
| 040 |
_aMUNICIPALIDAD PROVINCIAL DEL CUSCO _cBIBLIOTECA MUNICIPAL DEL CUSCO |
||
| 082 |
_aEP / 372.800 / _bH41 |
||
| 110 |
_aQuarto Children's Books. _931307 |
||
| 245 |
_aSerie Tridimensional : _bLos Hermanos Grimm, obras completas / |
||
| 260 |
_aMéxico : _bSilver Dolphin ; _c2015. |
||
| 300 |
_a58 páginas ; _bIlustraciones _c29cm |
||
| 505 | _aContenido: Cenicienta -- El príncipe rana -- Hansel y Gretel -- Caperucita roja -- Rapunzel -- La bella durmiente -- Loa seis cisnes -- Blanca nieves | ||
| 650 |
_aCuentos infantiles _914480 |
||
| 650 |
_aEducación primaria _91561 |
||
| 700 |
_aTorre Fernádez, Adriana de la (traducción) _931308 |
||
| 942 |
_2ddc _cLIBROS |
||
| 945 |
_anom _d2019-04-11 |
||